The Legend of Zelda - Breath of the Wild - Niveau expert - Statistiques

Statistiques générales
  • Ce quiz a été pris 58 fois
  • Le résultat moyen est 4 sur 11
Statistiques - réponses
Questions Réponses % Correct
Dans le souvenir de la région d'Ordinn, combien de Lynels ont été vaincus par Link ? 3
92%
En plus des matériaux de monstres, combien de princesses de la sérénité faut-il pour augmenter la tunique du prodige au maximum de sa résistance ? 10
82%
Dans un autre souvenir, à l'ouest du château, qu'est-ce que Zelda essaie de faire manger à Link ? Grenouille
78%
Ingrédient qui doit être photographié pour l'avancement du détecteur Sheikah+ Champi piment
58%
Nom des ennemis déployés par Vah'Rudania pour repérer Link et Yunobo Heliss
32%
Nom de la tour couvrant la cité Gerudo Tour des Landes Sauvages
30%
Une quête secondaire est liée aux fossiles de baleines géantes. Dans quel relais est-elle située ? Relais de Delass
24%
Nommez la grande fée dont la fontaine est visible depuis la tour de Tabanta Caesa
12%
Nom du sanctuaire du relais de la rivière Wago'Kata
6%
Nom du personnage qui propose à Link de voler le plus loin possible Remigon
4%
Nom du sanctuaire du château d'Hyrule Sasu'Kosa
4%
Aucun quiz correspondant
Distribution des résultats
% des personnes avec chaque résultat
Percentile par nombre de réponses
Votre historique - résultats
Vous n’avez pas pris ce quiz